<?xml version="1.0" encoding="UTF-8"?>
<record
    xmlns:xsi="http://www.w3.org/2001/XMLSchema-instance"
    xsi:schemaLocation="http://www.loc.gov/MARC21/slim http://www.loc.gov/standards/marcxml/schema/MARC21slim.xsd"
    xmlns="http://www.loc.gov/MARC21/slim">

  <leader>00374    a2200121   4500</leader>
  <datafield tag="999" ind1=" " ind2=" ">
    <subfield code="c">47</subfield>
    <subfield code="d">47</subfield>
  </datafield>
  <controlfield tag="003">NUST</controlfield>
  <controlfield tag="005">20171219123539.0</controlfield>
  <controlfield tag="008">170622b        xxu||||| |||| 00| 0 eng d</controlfield>
  <datafield tag="020" ind1=" " ind2=" ">
    <subfield code="a">007100405X</subfield>
  </datafield>
  <datafield tag="040" ind1=" " ind2=" ">
    <subfield code="c">0</subfield>
  </datafield>
  <datafield tag="082" ind1=" " ind2=" ">
    <subfield code="a">620.106 DAU</subfield>
  </datafield>
  <datafield tag="100" ind1=" " ind2=" ">
    <subfield code="a">Daugherty, Robert L.</subfield>
    <subfield code="9">3057</subfield>
  </datafield>
  <datafield tag="245" ind1=" " ind2=" ">
    <subfield code="a">Fluid mechanics with engineering applications</subfield>
    <subfield code="c">Robert L. Daugherty, Joseph B. Franzini, E. John Finnemore.</subfield>
  </datafield>
  <datafield tag="250" ind1=" " ind2=" ">
    <subfield code="a">SI Matric ed.</subfield>
  </datafield>
  <datafield tag="260" ind1=" " ind2=" ">
    <subfield code="c">1985.</subfield>
    <subfield code="a">Lahore</subfield>
    <subfield code="b">National Book Foundation</subfield>
  </datafield>
  <datafield tag="300" ind1=" " ind2=" ">
    <subfield code="a">xix, 596 p. :</subfield>
    <subfield code="b">ill. ;</subfield>
    <subfield code="c">24 cm.</subfield>
  </datafield>
  <datafield tag="500" ind1=" " ind2=" ">
    <subfield code="a">P.B</subfield>
  </datafield>
  <datafield tag="650" ind1=" " ind2=" ">
    <subfield code="a">Fluid mechanics.</subfield>
    <subfield code="9">1678</subfield>
  </datafield>
  <datafield tag="942" ind1=" " ind2=" ">
    <subfield code="2">ddc</subfield>
    <subfield code="c">TEXT</subfield>
    <subfield code="k">IESE</subfield>
  </datafield>
  <datafield tag="952" ind1=" " ind2=" ">
    <subfield code="0">0</subfield>
    <subfield code="1">0</subfield>
    <subfield code="2">ddc</subfield>
    <subfield code="4">0</subfield>
    <subfield code="7">0</subfield>
    <subfield code="8">NFIC</subfield>
    <subfield code="a">IESE</subfield>
    <subfield code="b">IESE</subfield>
    <subfield code="c">TEXT</subfield>
    <subfield code="d">2017-06-22</subfield>
    <subfield code="l">0</subfield>
    <subfield code="o">620.106 DAU</subfield>
    <subfield code="p">IESE-3584</subfield>
    <subfield code="r">2016-12-06</subfield>
    <subfield code="y">TEXT</subfield>
  </datafield>
  <datafield tag="952" ind1=" " ind2=" ">
    <subfield code="0">0</subfield>
    <subfield code="1">0</subfield>
    <subfield code="2">ddc</subfield>
    <subfield code="4">0</subfield>
    <subfield code="7">0</subfield>
    <subfield code="8">NFIC</subfield>
    <subfield code="a">IESE</subfield>
    <subfield code="b">IESE</subfield>
    <subfield code="c">TEXT</subfield>
    <subfield code="d">2017-06-22</subfield>
    <subfield code="l">0</subfield>
    <subfield code="o">620.106 DAU</subfield>
    <subfield code="p">IESE-3585</subfield>
    <subfield code="r">2016-12-06</subfield>
    <subfield code="y">TEXT</subfield>
  </datafield>
  <datafield tag="952" ind1=" " ind2=" ">
    <subfield code="0">0</subfield>
    <subfield code="1">0</subfield>
    <subfield code="2">ddc</subfield>
    <subfield code="4">0</subfield>
    <subfield code="7">0</subfield>
    <subfield code="8">NFIC</subfield>
    <subfield code="a">IESE</subfield>
    <subfield code="b">IESE</subfield>
    <subfield code="c">TEXT</subfield>
    <subfield code="d">2017-06-22</subfield>
    <subfield code="l">0</subfield>
    <subfield code="o">620.106 DAU</subfield>
    <subfield code="p">IESE-3586</subfield>
    <subfield code="r">2016-12-06</subfield>
    <subfield code="y">TEXT</subfield>
  </datafield>
  <datafield tag="952" ind1=" " ind2=" ">
    <subfield code="0">0</subfield>
    <subfield code="1">0</subfield>
    <subfield code="2">ddc</subfield>
    <subfield code="4">0</subfield>
    <subfield code="7">0</subfield>
    <subfield code="8">NFIC</subfield>
    <subfield code="a">IESE</subfield>
    <subfield code="b">IESE</subfield>
    <subfield code="c">TEXT</subfield>
    <subfield code="d">2017-06-22</subfield>
    <subfield code="l">0</subfield>
    <subfield code="o">620.106 DAU</subfield>
    <subfield code="p">IESE-3587</subfield>
    <subfield code="r">2016-12-06</subfield>
    <subfield code="y">TEXT</subfield>
  </datafield>
  <datafield tag="952" ind1=" " ind2=" ">
    <subfield code="0">0</subfield>
    <subfield code="1">0</subfield>
    <subfield code="2">ddc</subfield>
    <subfield code="4">0</subfield>
    <subfield code="7">0</subfield>
    <subfield code="8">NFIC</subfield>
    <subfield code="a">IESE</subfield>
    <subfield code="b">IESE</subfield>
    <subfield code="c">TEXT</subfield>
    <subfield code="d">2017-06-22</subfield>
    <subfield code="l">0</subfield>
    <subfield code="o">620.106 DAU</subfield>
    <subfield code="p">IESE-3588</subfield>
    <subfield code="r">2016-12-06</subfield>
    <subfield code="y">TEXT</subfield>
  </datafield>
  <datafield tag="952" ind1=" " ind2=" ">
    <subfield code="0">0</subfield>
    <subfield code="1">0</subfield>
    <subfield code="2">ddc</subfield>
    <subfield code="4">0</subfield>
    <subfield code="7">0</subfield>
    <subfield code="8">NFIC</subfield>
    <subfield code="a">IESE</subfield>
    <subfield code="b">IESE</subfield>
    <subfield code="c">TEXT</subfield>
    <subfield code="d">2017-06-22</subfield>
    <subfield code="l">0</subfield>
    <subfield code="o">620.106 DAU</subfield>
    <subfield code="p">IESE-3589</subfield>
    <subfield code="r">2016-12-06</subfield>
    <subfield code="y">TEXT</subfield>
  </datafield>
  <datafield tag="952" ind1=" " ind2=" ">
    <subfield code="0">0</subfield>
    <subfield code="1">0</subfield>
    <subfield code="2">ddc</subfield>
    <subfield code="4">0</subfield>
    <subfield code="7">0</subfield>
    <subfield code="8">NFIC</subfield>
    <subfield code="a">IESE</subfield>
    <subfield code="b">IESE</subfield>
    <subfield code="c">TEXT</subfield>
    <subfield code="d">2017-06-22</subfield>
    <subfield code="l">0</subfield>
    <subfield code="o">620.106 DAU</subfield>
    <subfield code="p">IESE-3590</subfield>
    <subfield code="r">2016-12-06</subfield>
    <subfield code="y">TEXT</subfield>
  </datafield>
  <datafield tag="952" ind1=" " ind2=" ">
    <subfield code="0">0</subfield>
    <subfield code="1">0</subfield>
    <subfield code="2">ddc</subfield>
    <subfield code="4">0</subfield>
    <subfield code="7">0</subfield>
    <subfield code="8">NFIC</subfield>
    <subfield code="a">IESE</subfield>
    <subfield code="b">IESE</subfield>
    <subfield code="c">TEXT</subfield>
    <subfield code="d">2017-06-22</subfield>
    <subfield code="l">0</subfield>
    <subfield code="o">620.106 DAU</subfield>
    <subfield code="p">IESE-3591</subfield>
    <subfield code="r">2016-12-06</subfield>
    <subfield code="y">TEXT</subfield>
  </datafield>
  <datafield tag="952" ind1=" " ind2=" ">
    <subfield code="0">0</subfield>
    <subfield code="1">0</subfield>
    <subfield code="2">ddc</subfield>
    <subfield code="4">0</subfield>
    <subfield code="7">0</subfield>
    <subfield code="8">NFIC</subfield>
    <subfield code="a">IESE</subfield>
    <subfield code="b">IESE</subfield>
    <subfield code="c">TEXT</subfield>
    <subfield code="d">2017-06-22</subfield>
    <subfield code="l">0</subfield>
    <subfield code="o">620.106 DAU</subfield>
    <subfield code="p">IESE-3592</subfield>
    <subfield code="r">2016-12-06</subfield>
    <subfield code="y">TEXT</subfield>
  </datafield>
  <datafield tag="952" ind1=" " ind2=" ">
    <subfield code="0">0</subfield>
    <subfield code="1">0</subfield>
    <subfield code="2">ddc</subfield>
    <subfield code="4">0</subfield>
    <subfield code="7">0</subfield>
    <subfield code="8">NFIC</subfield>
    <subfield code="a">IESE</subfield>
    <subfield code="b">IESE</subfield>
    <subfield code="c">TEXT</subfield>
    <subfield code="d">2017-06-22</subfield>
    <subfield code="l">0</subfield>
    <subfield code="o">620.106 DAU</subfield>
    <subfield code="p">IESE-3593</subfield>
    <subfield code="r">2016-12-06</subfield>
    <subfield code="y">TEXT</subfield>
  </datafield>
  <datafield tag="952" ind1=" " ind2=" ">
    <subfield code="0">0</subfield>
    <subfield code="1">0</subfield>
    <subfield code="2">ddc</subfield>
    <subfield code="4">0</subfield>
    <subfield code="7">0</subfield>
    <subfield code="8">NFIC</subfield>
    <subfield code="a">IESE</subfield>
    <subfield code="b">IESE</subfield>
    <subfield code="c">TEXT</subfield>
    <subfield code="d">2017-06-22</subfield>
    <subfield code="l">0</subfield>
    <subfield code="o">620.106 DAU</subfield>
    <subfield code="p">IESE-3594</subfield>
    <subfield code="r">2016-12-06</subfield>
    <subfield code="y">TEXT</subfield>
  </datafield>
  <datafield tag="952" ind1=" " ind2=" ">
    <subfield code="0">0</subfield>
    <subfield code="1">0</subfield>
    <subfield code="2">ddc</subfield>
    <subfield code="4">0</subfield>
    <subfield code="7">0</subfield>
    <subfield code="8">NFIC</subfield>
    <subfield code="a">IESE</subfield>
    <subfield code="b">IESE</subfield>
    <subfield code="c">TEXT</subfield>
    <subfield code="d">2017-06-22</subfield>
    <subfield code="l">0</subfield>
    <subfield code="o">620.106 DAU</subfield>
    <subfield code="p">IESE-3595</subfield>
    <subfield code="r">2016-12-06</subfield>
    <subfield code="y">TEXT</subfield>
  </datafield>
  <datafield tag="952" ind1=" " ind2=" ">
    <subfield code="0">0</subfield>
    <subfield code="1">0</subfield>
    <subfield code="2">ddc</subfield>
    <subfield code="4">0</subfield>
    <subfield code="7">0</subfield>
    <subfield code="8">NFIC</subfield>
    <subfield code="a">IESE</subfield>
    <subfield code="b">IESE</subfield>
    <subfield code="c">TEXT</subfield>
    <subfield code="d">2017-06-22</subfield>
    <subfield code="l">0</subfield>
    <subfield code="o">620.106 DAU</subfield>
    <subfield code="p">IESE-3596</subfield>
    <subfield code="r">2016-12-06</subfield>
    <subfield code="y">TEXT</subfield>
  </datafield>
  <datafield tag="952" ind1=" " ind2=" ">
    <subfield code="0">0</subfield>
    <subfield code="1">0</subfield>
    <subfield code="2">ddc</subfield>
    <subfield code="4">0</subfield>
    <subfield code="7">0</subfield>
    <subfield code="8">NFIC</subfield>
    <subfield code="a">IESE</subfield>
    <subfield code="b">IESE</subfield>
    <subfield code="c">TEXT</subfield>
    <subfield code="d">2017-06-22</subfield>
    <subfield code="l">1</subfield>
    <subfield code="o">620.106 DAU</subfield>
    <subfield code="p">IESE-3597</subfield>
    <subfield code="r">2023-05-29</subfield>
    <subfield code="s">2023-05-24</subfield>
    <subfield code="y">TEXT</subfield>
  </datafield>
  <datafield tag="952" ind1=" " ind2=" ">
    <subfield code="0">0</subfield>
    <subfield code="1">0</subfield>
    <subfield code="2">ddc</subfield>
    <subfield code="4">0</subfield>
    <subfield code="7">0</subfield>
    <subfield code="8">NFIC</subfield>
    <subfield code="a">IESE</subfield>
    <subfield code="b">IESE</subfield>
    <subfield code="c">TEXT</subfield>
    <subfield code="d">2017-06-22</subfield>
    <subfield code="l">1</subfield>
    <subfield code="o">620.106 DAU</subfield>
    <subfield code="p">IESE-654</subfield>
    <subfield code="r">2023-03-13</subfield>
    <subfield code="s">2023-01-31</subfield>
    <subfield code="y">TEXT</subfield>
  </datafield>
  <datafield tag="952" ind1=" " ind2=" ">
    <subfield code="0">0</subfield>
    <subfield code="1">0</subfield>
    <subfield code="2">ddc</subfield>
    <subfield code="4">0</subfield>
    <subfield code="7">0</subfield>
    <subfield code="8">NFIC</subfield>
    <subfield code="a">IESE</subfield>
    <subfield code="b">IESE</subfield>
    <subfield code="c">TEXT</subfield>
    <subfield code="d">2017-06-22</subfield>
    <subfield code="l">0</subfield>
    <subfield code="o">620.106 DAU</subfield>
    <subfield code="p">IESE-655</subfield>
    <subfield code="r">2016-12-06</subfield>
    <subfield code="y">TEXT</subfield>
  </datafield>
  <datafield tag="952" ind1=" " ind2=" ">
    <subfield code="0">0</subfield>
    <subfield code="1">0</subfield>
    <subfield code="2">ddc</subfield>
    <subfield code="4">0</subfield>
    <subfield code="7">0</subfield>
    <subfield code="8">NFIC</subfield>
    <subfield code="a">IESE</subfield>
    <subfield code="b">IESE</subfield>
    <subfield code="c">TEXT</subfield>
    <subfield code="d">2017-06-22</subfield>
    <subfield code="l">0</subfield>
    <subfield code="o">620.106 DAU</subfield>
    <subfield code="p">IESE-656</subfield>
    <subfield code="r">2016-12-06</subfield>
    <subfield code="y">TEXT</subfield>
  </datafield>
  <datafield tag="952" ind1=" " ind2=" ">
    <subfield code="0">0</subfield>
    <subfield code="1">0</subfield>
    <subfield code="2">ddc</subfield>
    <subfield code="4">0</subfield>
    <subfield code="7">0</subfield>
    <subfield code="8">NFIC</subfield>
    <subfield code="a">IESE</subfield>
    <subfield code="b">IESE</subfield>
    <subfield code="c">TEXT</subfield>
    <subfield code="d">2017-06-22</subfield>
    <subfield code="l">0</subfield>
    <subfield code="o">620.106 DAU</subfield>
    <subfield code="p">IESE-657</subfield>
    <subfield code="r">2016-12-06</subfield>
    <subfield code="y">TEXT</subfield>
  </datafield>
  <datafield tag="952" ind1=" " ind2=" ">
    <subfield code="0">0</subfield>
    <subfield code="1">0</subfield>
    <subfield code="2">ddc</subfield>
    <subfield code="4">0</subfield>
    <subfield code="7">0</subfield>
    <subfield code="8">NFIC</subfield>
    <subfield code="a">IESE</subfield>
    <subfield code="b">IESE</subfield>
    <subfield code="c">TEXT</subfield>
    <subfield code="d">2017-06-22</subfield>
    <subfield code="l">0</subfield>
    <subfield code="o">620.106 DAU</subfield>
    <subfield code="p">IESE-396</subfield>
    <subfield code="r">2017-06-22</subfield>
    <subfield code="w">2017-06-22</subfield>
    <subfield code="y">TEXT</subfield>
  </datafield>
</record>
